| 000 | 00987nam a2200277Ia 4500 | ||
|---|---|---|---|
| 999 |
_c55454 _d55454 |
||
| 001 | 22536 | ||
| 003 | GE_BSU | ||
| 005 | 20230327145253.0 | ||
| 008 | 181216s2006||||fr |||||||||||||| ||fre|| | ||
| 020 | _a9782090352375 | ||
| 040 | _cGE_BSU | ||
| 080 | _a811.133.1D-37 | ||
| 245 |
_aDelf Junior Scolaire B1: 200 Activites / _cAlain Rausch,Corinne Kober-Kleinert, Elettra Mineni,Mariella Rainoldi ; Edition Dominique Colombani ; Illustrations Michel Backes. |
||
| 264 |
_aParis : _bCLE INTERNATIONAL, _c2006. |
||
| 300 |
_a192 p. : _bill. ; _c29 cm. _e+1CD |
||
| 541 | _h77 gel. | ||
| 653 | _aDelf Junior Scolaire B1: 200 Activites | ||
| 653 | _aფრანგული ენა | ||
| 700 |
_aRausch, Alain _eby _917281 |
||
| 700 |
_aKober-Kleinert, Corinne _eby _917282 |
||
| 700 |
_aMineni, Elettra _eby _917283 |
||
| 700 |
_aRainoldi, Mariella _eby _917284 |
||
| 700 |
_aColombani, Dominique _eEdition _917285 |
||
| 700 |
_aBackes, Michel _eIllustrations _917286 |
||
| 942 |
_cBK _2udc |
||